00454nam a2200157Ia 4500008004100000020000700041082001600048100002500064245005100089250000700140260006000147300002300207500000700230600003300237650002600270240925s9999 xx 000 0 und d aNA a954.919 ANW aAnwar, Mian Mohammad 0aEconomic and Commercial Geography of Pakistan  aNA aLahore:bWhite Rose Publishers and Book Sellersc,1996. a313p.bNAfPirated aNA aHumanities & Natural Science aHistory and Geography